Statistiques concernant Un quiz pour vos connaissance générale

Cliquez ici pour prendre le quiz!

Statistiques générales

  • Ce quiz a été pris 184 fois
    (151 depuis la dernière actualisation)
  • Le résultat moyen est 7 sur 12

Statistiques - réponses

QuestionRéponse% Correct
La seule planète a être sorti du système solairePluton
90%
En combien de temps la Terre tourne-t-elle autour du Soleil365
81%
Lequel des cinq sens manque au serpentouïe
77%
Qui est le premier homme a aller sur la luneNeil Armstrong
70%
Combien y a-t-il de joueurs sur le terrain dans une équipe de base-ball9
62%
Quand Netflix a été créé1997
59%
Combien de provinces compte le Canada10
55%
Sur quelle planète Superman est-il néKrypton
55%
Comment s'appelle réellement Darth Vader de la saga La Guerre des ÉtoilesAnakin Skywalker
54%
Dans la mythologie nordique, comment se nomme le père de ThorOdin
54%
Quel est le plus long fleuve d'Europe occidentaleLe Rhin
51%
Quel était le nom de New York entre 1624 et 1664New Amsterdam
19%

Distribution des résultats

Percentile par nombre de réponses

% des personnes avec chaque résultat

Votre développement - résultats

Vous n’avez pas pris ce quiz depuis la dernière actualisation